=LDR 00000nam 2200000 4500 =001 NUTBA000000000005938 =005 20141114080119.0 =006 =007 =008 =020 ##$$a 978-979-29-1499-1 =035 ##$$a 0010-111400000000417 =040 ##$$a NBPDMAT =082 ##$$a 597 =090 ##$$a 597 $b Ghu c =100 ##$$a Ghufran H.Kordi K =245 ##$$a Cara gampang membudidayakan tripang / $c M.Ghufran H.Kordi K =250 ##$$a Cet.1 =260 ##$$a Yogyakarta : Andi, $c 2012 =300 ##$$a xvi, 126 hlm. : $b ilus. ; $c 21 cm. =500 ##$$a Bibliografi : hlm. 115 - 119 =650 ##$$a Teripang =850 ##$$a NBPDMAT